00302nam a2200121Ia 4500008004100000100003400041245003400075260002600109300000900135650001200144942000700156999001700163190216s9999||||xx |||||||||||||| ||und|| aLakhmar Singh And Manjit Kaur 0aPhysics For Secondary Schools bEurasia Pub-Ltdc1986 a387p aPhysics cBK c33044d33044